000 00599nam a2200205Ia 4500
003 GCL
008 140319s9999 xx 000 0 ara d
040 _aGCL /
_cGCL
082 0 4 _aط
_b372.72
_bد م
100 1 _aدار الشروق
245 1 0 _aالعب مع الحساب /
_cدار الشروق
300 _a32 ص
490 _aالهيئة العامة للاستعلامات
_v0
650 0 4 _aالتعليم
650 0 4 _aالاطفال
650 0 4 _aالحساب - تعليم
650 0 4 _aالتسلية والترفية
650 0 4 _aالاطفال - تعليم
942 _2ddc
_cBK
999 _c51164
_d51164